Najlepsi asystenci Premier League sezonu 2023/24 - Statystyki

Ogólne statystyki
  • Ten quiz został rozwiązany 353 razy
  • Średni wynik to 6 z 11
Statystyki odpowiedzi
Miejsce Zawodnik Klub Liczba asyst % Poprawnych
3 Kevin De Bruyne Manchester City 10
86%
5 Mohamed Salah FC Liverpool 10
85%
8 Heung-min Son Tottenham Hotspur 10
84%
2 Cole Palmer Chelsea Londyn 11
82%
1 Ollie Watkins Aston Villa 13
64%
9 Martin Ødegaard Arsenal Londyn 10
61%
6 Anthony Gordon Newcastle United 10
47%
11 Morgan Gibbs-White Nottingham Forest 10
26%
4 Kieran Trippier Newcastle United 10
17%
7 Brennan Johnson Tottenham Hotspur 10
14%
10 Pascal Groß Brighton 10
12%
Nie znaleziono quizów pasujących do podanych kryteriów
Rozkład punktacji
Procent ludzi z każdym wynikiem
Percentyl według liczby udzielonych odpowiedzi
Twoja historia wyników
Nie rozwiązałeś tego quizu